| 000 | 00920nam a22002177a 4500 | ||
|---|---|---|---|
| 999 |
_c7469 _d7469 |
||
| 003 | AR-CdUCM | ||
| 008 | 190320b ||||| |||| 00| 0 spa d | ||
| 020 | _a84-7232-589-X | ||
| 040 |
_aMUNICIPALIDAD PROVINCIAL DEL CUSCO _cBIBLIOTECA MUNICIPAL DEL CUSCO |
||
| 082 |
_a082 / _bM186 |
||
| 100 |
_aMaestro Alfonso, Juan _921066 |
||
| 245 |
_aAntología del pensamiento político, social y económico español sobre América Latina : _bJosé Medina Echavarría / |
||
| 260 |
_aMadrid : _bEdiciones de cultura hispánica, _c1991. |
||
| 300 |
_a136 páginas ; _c24 cm. |
||
| 505 | _aContenido: La política en la sociedad de masas -- El desarrollo y la sociedad que determina -- Las metas extraeconómicas del desarrollo y el problema de las sociedades "opulentas"... | ||
| 650 |
_aDesarrollo económico _91696 |
||
| 650 |
_aSociología _9276 |
||
| 650 |
_aCiencias sociales _91096 |
||
| 942 |
_2ddc _cLIBROS |
||
| 945 | _adavv | ||